Most watched Netflix series - Statistics

General Stats
  • This quiz has been taken 107 times
  • The average score is 7 of 25
Answer Stats
season number of views title of the serie % Correct
4 140.7M Stranger Things
87%
3 94.8M Stranger Things
87%
1 265.2M Squid Game
58%
2 192.6M Squid Game
58%
3 148.8M Squid Game
58%
1 113.3M Bridgerton
37%
3 106M Bridgerton
37%
2 93.8M Bridgerton
37%
4 106M Money Heist
35%
5 99.2M Money Heist
35%
3 80.0M Money Heist
35%
1 252.1M Wednesday
35%
2 119M Wednesday
35%
1 50M You
31%
1 112.8M The Queen’s Gambit
17%
3 48M Ginny & Georgia
12%
1 83.0M The Witcher
12%
1 99.5M Lupin
10%
2 68.4M Lupin
10%
1 115.6M Dahmer
8%
1 142.6M Adolescence
7%
1 98.2M The Night Agent
6%
1 98.2M Fool Me Once
1%
1 81.3M Queen Charlotte
0%
1 48M Zero Day
0%
No matching quizzes found
Score Distribution
Percent of People with Each Score
Percentile by Number Answered
Your Score History
You have not taken this quiz